| 000 | 00533nam a2200205Ia 4500 | ||
|---|---|---|---|
| 008 | 170918s9999 xx 000 0 und d | ||
| 020 | _a439598893 | ||
| 050 | _bLEX P242 2004 | ||
| 100 | _aParker, Marjorie Blain | ||
| 245 | _aHello, School bus! / | ||
| 245 | _cMarjorie Blain Parker ; illustrated by Bob Kolar. | ||
| 260 | _aNew York : | ||
| 260 | _bScholastic, | ||
| 260 | _c2004 | ||
| 300 | _aunpaged : | ||
| 300 | _bcolored illustration ; | ||
| 300 | _c23cm. | ||
| 440 | _aScholastic reader level 1. | ||
| 500 | _aBR | ||
| 999 |
_c342450 _d342450 |
||